Niezapomniane Jedenastki #7: Francja 2000 - Statystyki

Ogólne statystyki
  • Ten quiz został rozwiązany 99 razy
  • Średni wynik to 8 z 11
Statystyki odpowiedzi
Pozycja Klub Inicjały Zawodnik % Poprawnych
N Arsenal TH Thierry Henry
100%
ŚPO Juventus ZZ Zinedine Zidane
98%
ŚPD Arsenal PV Patrick Vieira
88%
BR Monaco FB Fabien Barthez
83%
PO Parma LT Lilian Thuram
79%
ŚO Chelsea MD Marcel Desailly
77%
ŚO Inter LB Laurent Blanc
76%
LO Bayern BL Bixente Lizarazu
66%
ŚPD Chelsea DD Didier Deschamps
65%
ŚPO Kaiserslautern YD Youri Djorkaeff
28%
N Bordeaux CD Christophe Dugarry
22%
Nie znaleziono quizów pasujących do podanych kryteriów
Rozkład punktacji
Procent ludzi z każdym wynikiem
Percentyl według liczby udzielonych odpowiedzi
Twoja historia wyników
Nie rozwiązałeś tego quizu